| 000 | 00417cam a22001337a 4500 | ||
|---|---|---|---|
| 999 |
_c512245 _d512245 |
||
| 008 | 180718b2017 xxu||||| |||| 00| 0 eng d | ||
| 082 | _aL906x5442 G/2018 | ||
| 100 |
_aGovernment of Maharashtra _913263 |
||
| 245 | _aReport of the comptroller and auditor general of India on general and social sector | ||
| 260 |
_aMumbai _bGovernment of Maharashtra _c2018 |
||
| 300 | _a162p. | ||
| 440 |
_ano.1 _913264 |
||
| 942 | _2ddc | ||